Marvel ou DC Comics - Statistiques

Statistiques générales
  • Ce quiz a été pris 10 988 fois
  • Le résultat moyen est 24 sur 30
Statistiques - réponses
Hint Réponse % Correct
Thanos Marvel
93%
Iron Man Marvel
93%
Spider-Man Marvel
92%
Captain America Marvel
92%
Groot Marvel
92%
Loki Marvel
92%
Harley Quinn DC Comics
88%
Flash DC Comics
86%
Superman DC Comics
86%
Green Arrow DC Comics
84%
Aquaman DC Comics
84%
Shazam DC Comics
83%
Wolverine Marvel
82%
Zatanna Zatara DC Comics
80%
Black Canary DC Comics
80%
Deathstroke DC Comics
79%
Blue Beetle DC Comics
79%
Atrocitus DC Comics
77%
Power Girl DC Comics
76%
Iron Fist Marvel
76%
Atom DC Comics
75%
Punisher Marvel
75%
Kang le Conquérant Marvel
75%
Ghost Rider Marvel
73%
Raven DC Comics
71%
La Femme Invisible Marvel
70%
Dormammu Marvel
68%
Hawkman DC Comics
64%
Diablo Marvel
51%
Squirrel Girl Marvel
45%
Aucun quiz correspondant
Distribution des résultats
% des personnes avec chaque résultat
Percentile par nombre de réponses
Votre historique - résultats
Vous n’avez pas pris ce quiz